Statistics for Most Populated Countries Without a Megacity

Click here to take the quiz!

General Stats

  • This quiz has been taken 593 times
  • The average score is 14 of 20

Answer Stats

PopulationCountry% Correct
81,770,900Germany
83%
46,438,422Spain
83%
60,665,551Italy
82%
36,155,487Canada
78%
40,400,000Algeria
77%
92,206,006Ethiopia
75%
38,437,239Poland
75%
42,658,149Ukraine
73%
48,775,567Tanzania
72%
92,700,000Vietnam
72%
37,883,543Iraq
70%
48,796,800Colombia
69%
44,156,577Kenya
68%
34,005,000Morocco
66%
51,486,253Myanmar
65%
33,249,000Saudi Arabia
65%
39,598,700Sudan
64%
31,488,700Peru
61%
36,860,700Uganda
51%
31,575,300Uzbekistan
29%

Score Distribution

Percentile by Number Answered

Percent of People with Each Score

Your Score History

You have not taken this quiz